[Event "Pocos de Caldas op"]
[Site "Pocos de Caldas"]
[Date "2023.03.18"]
[Round "3"]
[White "Aparecido Silva, Haroldo"]
[Black "Ramos, Bruce Vicente"]
[Result "0-1"]
[WhiteElo "1784"]
[BlackElo "1971"]
[PlyCount "86"]
[EventDate "2023.03.17"]
[EventType "swiss"]
[EventRounds "6"]
[EventCountry "BRA"]
[SourceTitle "EXT 2024"]
[Source "ChessBase"]
[SourceDate "2023.10.10"]
[SourceVersion "1"]
[SourceVersionDate "2023.10.10"]
[SourceQuality "1"]

1. Nf3 d5 2. e3 Nf6 3. c4 c6 4. b3 e6 5. Bb2 Be7 6. d4 0-0 7. Bd3 b6 8. 0-0 Bb7 9. Nbd2 Nbd7 10. Rc1 dxc4 11. Nxc4 c5 12. Nce5 Nxe5 13. dxe5 Nd5 14. a3 Qd7 15. Qc2 h6 16. Rfd1 Qc8 17. Qb1 a5 18. Be4 Rd8 19. a4 Bc6 20. Bd3 Nb4 21. Be4 Bxe4 22. Qxe4 Qc6 23. Qc4 Rac8 24. Ba3 Rd5 25. e4 Rd7 26. Bxb4 axb4 27. Kf1 Rcd8 28. Ke2 g5 29. g4 Kg7 30. h3 Qc7 31. Qc2 Qb7 32. Rxd7 Rxd7 33. Qc4 Bd8 34. Rd1 Rxd1 35. Kxd1 Bc7 36. Qc2 Qa6 37. Qe2 Qa8 38. Qc2 Qb8 39. Qb2 b5 40. axb5 Qxb5 41. Qe2 Qa5 42. Qb2 Qa6 43. Ke1 Qd3 0-1

[Event "Pocos de Caldas op"]
[Site "Pocos de Caldas"]
[Date "2023.03.17"]
[Round "2"]
[White "Henrique, Arthur Alves"]
[Black "Aparecido Silva, Haroldo"]
[Result "0-1"]
[WhiteElo "1800"]
[BlackElo "1784"]
[PlyCount "100"]
[EventDate "2023.03.17"]
[EventType "swiss"]
[EventRounds "6"]
[EventCountry "BRA"]
[SourceTitle "EXT 2024"]
[Source "ChessBase"]
[SourceDate "2023.10.10"]
[SourceVersion "1"]
[SourceVersionDate "2023.10.10"]
[SourceQuality "1"]

1. e4 c5 2. Nf3 e6 3. Nc3 a6 4. a4 Qc7 5. Bc4 d6 6. d3 Nf6 7. Bf4 Nc6 8. 0-0 Be7 9. Bg3 0-0 10. d4 cxd4 11. Nxd4 Ne5 12. Bb3 b6 13. Re1 Bb7 14. Bxe6 fxe6 15. Nxe6 Qc6 16. Nxf8 Bxf8 17. Bxe5 dxe5 18. Nd5 Nxd5 19. Qxd5+ Qxd5 20. exd5 Bxd5 21. Rxe5 Bc6 22. Re6 Rc8 23. b3 Kf7 24. Re5 a5 25. f4 Bc5+ 26. Kf1 Bd4 27. Ree1 Be5 28. Rxe5 Rd8 29. Ke2 Bxg2 30. Rb5 Rd6 31. b4 axb4 32. Rxb4 Rc6 33. c4 Bh3 34. Kd3 Be6 35. Kd4 Kf6 36. h4 Kf5 37. Rb5+ Kxf4 38. c5 bxc5+ 39. Rxc5 Rxc5 40. Kxc5 Bg4 41. a5 Kg3 42. a6 Kxh4 43. a7 Bf3 44. Kd4 Kg3 45. Ke5 h5 46. Kf5 h4 47. Kg6 h3 48. Kf5 h2 49. Kg5 h1Q 50. a8Q Bxa8 0-1

[Event "Hebraica op 30th"]
[Site "Hebraica"]
[Date "2023.02.12"]
[Round "6"]
[White "Jiang, Lucas Zirui"]
[Black "Aparecido Silva, Haroldo"]
[Result "1-0"]
[WhiteElo "1622"]
[BlackElo "1824"]
[PlyCount "83"]
[EventDate "2023.02.10"]
[EventType "swiss"]
[EventRounds "7"]
[EventCountry "BRA"]
[SourceTitle "CBM 212 Extra"]
[Source "ChessBase"]
[SourceDate "2023.03.31"]
[SourceVersion "1"]
[SourceVersionDate "2023.03.31"]
[SourceQuality "1"]

1. d4 d5 2. Nf3 e6 3. c4 Be7 4. Nc3 Nf6 5. cxd5 exd5 6. Bg5 c6 7. Bxf6 Bxf6 8. e3 0-0 9. Be2 Bg4 10. 0-0 Nd7 11. b4 Qe7 12. Qb3 b5 13. a4 a6 14. Ne1 Bxe2 15. Nxe2 Nb6 16. axb5 axb5 17. Nd3 Nc4 18. Qc3 g6 19. Nc5 Rfc8 20. Nf4 Qe8 21. Nfd3 Rxa1 22. Rxa1 Ra8 23. g3 Bg7 24. Qe1 h6 25. Qb1 Qc8 26. Ra2 Kh7 27. Kg2 h5 28. h4 Qe8 29. Qa1 Rxa2 30. Qxa2 Nxe3+ 31. fxe3 Qxe3 32. Qf2 Qxf2+ 33. Kxf2 Bxd4+ 34. Kf3 Kg7 35. Nd7 f6 36. Nb8 Bc3 37. Nxc6 g5 38. Ne7 d4 39. Nf5+ Kg6 40. Nd6 f5 41. Nxb5 f4 42. Nxc3 1-0

[Event "Sao Paulo Carnaval op"]
[Site "Sao Paulo"]
[Date "2019.03.02"]
[Round "2"]
[White "Sekula, Markley Ribas"]
[Black "Aparecido Silva, Haroldo"]
[Result "1/2-1/2"]
[WhiteElo "2051"]
[BlackElo "1829"]
[PlyCount "60"]
[EventDate "2019.03.02"]
[EventType "swiss"]
[EventRounds "7"]
[EventCountry "BRA"]
[SourceTitle "EXT 2020"]
[Source "ChessBase"]
[SourceDate "2019.10.17"]
[SourceVersion "1"]
[SourceVersionDate "2019.10.17"]
[SourceQuality "1"]

1. e4 e5 2. Nc3 d6 3. g3 Nf6 4. Bg2 c6 5. Nf3 g6 6. d4 Qc7 7. 0-0 Bg7 8. d5 c5 9. Bg5 0-0 10. Qc1 a6 11. Bh6 Bd7 12. Nh4 b5 13. Bxg7 Kxg7 14. b3 b4 15. Nd1 a5 16. f4 exf4 17. Qxf4 Ng8 18. Nf2 Ra6 19. c4 f6 20. Nd3 Bc8 21. g4 Qe7 22. Qg3 Nd7 23. Nf3 Qxe4 24. Nf4 Ne5 25. Nxe5 Qxe5 26. Rae1 Qd4+ 27. Kh1 a4 28. Re4 Qc3 29. Re3 Qd4 30. Re4 Qc3 1/2-1/2

[Event "Pocos de Caldas op"]
[Site "Pocos de Caldas"]
[Date "2019.02.10"]
[Round "5"]
[White "Aparecido Silva, Haroldo"]
[Black "Vicentin, Marcos Tadeu"]
[Result "0-1"]
[WhiteElo "1836"]
[BlackElo "1933"]
[PlyCount "62"]
[EventDate "2019.02.08"]
[EventType "swiss"]
[EventRounds "6"]
[EventCountry "BRA"]
[SourceTitle "CBM 189 Extra"]
[Source "ChessBase"]
[SourceDate "2019.06.03"]
[SourceVersion "1"]
[SourceVersionDate "2019.06.03"]
[SourceQuality "1"]

1. e4 c5 2. Nf3 e6 3. d4 cxd4 4. Nxd4 a6 5. Bd3 Nf6 6. c4 Nc6 7. Nxc6 dxc6 8. Qe2 e5 9. Nc3 Bc5 10. Be3 Qe7 11. a3 a5 12. 0-0 0-0 13. Bxc5 Qxc5 14. b4 Qd4 15. Qc2 axb4 16. Ne2 Qa7 17. axb4 Qxa1 18. Rxa1 Rxa1+ 19. Nc1 Rd8 20. Be2 Be6 21. f3 Rda8 22. Kf2 R8a3 23. g4 Nd7 24. c5 Nf8 25. Bc4 Bxc4 26. Qxc4 Ne6 27. Nd3 g5 28. Nxe5 R3a2+ 29. Ke3 Re1+ 30. Kd3 Nf4+ 31. Kc3 Rc1+ 0-1

[Event "Pocos de Caldas op"]
[Site "Pocos de Caldas"]
[Date "2019.02.09"]
[Round "4"]
[White "Lima, Vinicius Taishun"]
[Black "Aparecido Silva, Haroldo"]
[Result "0-1"]
[WhiteElo "1648"]
[BlackElo "1836"]
[PlyCount "156"]
[EventDate "2019.02.08"]
[EventType "swiss"]
[EventRounds "6"]
[EventCountry "BRA"]
[SourceTitle "CBM 189 Extra"]
[Source "ChessBase"]
[SourceDate "2019.06.03"]
[SourceVersion "1"]
[SourceVersionDate "2019.06.03"]
[SourceQuality "1"]

1. e4 c5 2. Nf3 e6 3. d4 cxd4 4. Nxd4 a6 5. c4 Qc7 6. a3 Nf6 7. Nc3 d6 8. Be3 Nbd7 9. Be2 Be7 10. 0-0 b6 11. f3 Bb7 12. Qd2 0-0 13. b4 Rac8 14. Rac1 Qb8 15. Rfd1 Rfd8 16. Na4 Bf8 17. Nb3 Bc6 18. Nb2 d5 19. cxd5 exd5 20. Bxa6 Bb7 21. Rxc8 Qxc8 22. Bxb7 Qxb7 23. exd5 Nb8 24. Qf2 Nxd5 25. Bxb6 Re8 26. Bc5 Nd7 27. Bxf8 Nxf8 28. Qc5 Nf6 29. Na5 Qa6 30. Nbc4 Qe6 31. Qf2 Rc8 32. Qe3 Qa6 33. Qb6 Qa8 34. Nd6 Rc3 35. Nb5 Rc2 36. Rd8 Rc1+ 37. Kf2 Rc2+ 38. Ke1 Rc1+ 39. Kd2 Rc8 40. Rxc8 Qxc8 41. Qc6 Qf5 42. Ke2 Qe5+ 43. Kf2 Qxh2 44. Qc4 h5 45. Nc6 Ng6 46. Nbd4 Nf4 47. Qf1 N6d5 48. Nf5 g6 49. Nfe7+ Nxe7 50. Nxe7+ Kh7 51. Nc6 h4 52. Ne5 Nh3+ 53. Ke3 Qxe5+ 54. Kd3 Nf4+ 55. Kc2 Nd5 56. Qd3 Ne3+ 57. Kb3 Nxg2 58. a4 Qe3 59. Qxe3 Nxe3 60. b5 Nd5 61. a5 h3 62. Kc4 h2 63. Kxd5 h1Q 64. a6 Qxf3+ 65. Kd6 Qe3 66. Kc6 Qa7 67. b6 Qxa6 68. Kc7 g5 69. b7 Qxb7+ 70. Kxb7 g4 71. Kc6 g3 72. Kd6 g2 73. Ke7 g1Q 74. Kxf7 Qb6 75. Ke8 Qb7 76. Kf8 Kg6 77. Ke8 Kf6 78. Kf8 Qf7# 0-1

[Event "BRA-ch Amateur U2000"]
[Site "Sao Paulo"]
[Date "2017.10.12"]
[Round "2"]
[White "Aparecido Silva, Haroldo"]
[Black "Farias, Jose Nogueira de"]
[Result "1-0"]
[WhiteElo "1829"]
[BlackElo "1928"]
[PlyCount "44"]
[EventDate "2017.10.12"]
[EventType "swiss"]
[EventRounds "7"]
[EventCountry "BRA"]
[SourceTitle "EXT 2022"]
[Source "ChessBase"]
[SourceDate "2021.10.06"]
[SourceVersion "1"]
[SourceVersionDate "2021.10.06"]
[SourceQuality "1"]

1. e4 Nf6 2. d3 e5 3. Nf3 Nc6 4. Bg5 Be7 5. Nc3 0-0 6. Qd2 a6 7. 0-0-0 b5 8. h3 d6 9. a3 b4 10. axb4 Nxb4 11. d4 exd4 12. Nxd4 c5 13. Nb3 Be6 14. Bxf6 Bxf6 15. Qxd6 Bxc3 16. bxc3 Qf6 17. Qg3 Nc6 18. Rd6 Rac8 19. Bc4 Nd8 20. Rhd1 Nb7 21. Rb6 Nd8 22. Bxa6 Qe7 1-0

[Event "BRA-ch Amateur U2000"]
[Site "Sao Paulo"]
[Date "2017.10.12"]
[Round "1"]
[White "Lima, Valdenicio Marcelin"]
[Black "Aparecido Silva, Haroldo"]
[Result "1-0"]
[WhiteElo "1938"]
[BlackElo "1829"]
[PlyCount "98"]
[EventDate "2017.10.12"]
[EventType "swiss"]
[EventRounds "7"]
[EventCountry "BRA"]
[SourceTitle "EXT 2022"]
[Source "ChessBase"]
[SourceDate "2021.10.06"]
[SourceVersion "1"]
[SourceVersionDate "2021.10.06"]
[SourceQuality "1"]

1. Nf3 d5 2. d4 e6 3. Bf4 c6 4. e3 Nf6 5. c3 Be7 6. Bd3 Nbd7 7. Nbd2 0-0 8. 0-0 b6 9. e4 Nxe4 10. Nxe4 dxe4 11. Bxe4 Bb7 12. Qe2 Qc8 13. Ng5 Nf6 14. Bd3 h6 15. Nh3 c5 16. Rac1 Qc6 17. f3 Rfd8 18. Be5 Nd7 19. Bb5 Qc8 20. Bg3 a6 21. Bd3 Nf6 22. Be5 Nd7 23. Bg3 Bf6 24. Kh1 Re8 25. Be4 e5 26. d5 c4 27. Rcd1 b5 28. Qc2 g6 29. f4 Bg7 30. f5 g5 31. Nf2 Nf6 32. Bf3 Qc5 33. Ne4 Nxe4 34. Bxe4 f6 35. Bf2 Qd6 36. Qe2 Red8 37. b4 cxb3 38. axb3 Qa3 39. Qc2 a5 40. Bb6 Rd7 41. c4 a4 42. bxa4 bxc4 43. a5 Qe7 44. Qxc4 Ba6 45. Qc6 Rc8 46. Qe6+ Kh7 47. Rc1 Re8 48. Rfd1 Rd6 49. Qxe7 Rxe7 1-0

[Event "Sao Paulo CXSP U2200 1st"]
[Site "Sao Paulo"]
[Date "2016.12.17"]
[Round "4.5"]
[White "Aparecido Silva, Haroldo"]
[Black "Rocha, Anderson Rosendo"]
[Result "1-0"]
[WhiteElo "1848"]
[BlackElo "1629"]
[PlyCount "79"]
[EventDate "2016.12.15"]
[EventType "swiss"]
[EventRounds "6"]
[EventCountry "BRA"]
[SourceTitle "EXT 2022"]
[Source "ChessBase"]
[SourceDate "2021.10.06"]
[SourceVersion "1"]
[SourceVersionDate "2021.10.06"]
[SourceQuality "1"]

1. e4 e6 2. d4 d5 3. Nc3 dxe4 4. Nxe4 Bd7 5. Nf3 Bc6 6. Bd3 Nd7 7. Qe2 Ngf6 8. Ng3 Be7 9. 0-0 0-0 10. Ne5 Nxe5 11. dxe5 Qd5 12. f4 Bc5+ 13. Kh1 Ne8 14. Rd1 Bd4 15. c3 f5 16. cxd4 b5 17. Be3 a6 18. Rac1 Rc8 19. Rc5 Qd7 20. a4 Rb8 21. Rdc1 Bb7 22. axb5 axb5 23. Bxb5 c6 24. Bxc6 Bxc6 25. Rxc6 Qd5 26. Qc4 Rxb2 27. Qxd5 exd5 28. R6c5 Rb3 29. Bf2 Rb2 30. Kg1 g6 31. Rxd5 Ng7 32. Rd6 Rfb8 33. e6 Rb1 34. Rxb1 Rxb1+ 35. Nf1 Kf8 36. d5 Nh5 37. Rd8+ Ke7 38. Bh4+ Nf6 39. Rd7+ Kf8 40. Bxf6 1-0

[Event "Sao Paulo op-B U2050 4th"]
[Site "Sao Paulo"]
[Date "2016.03.26"]
[Round "4"]
[White "Aparecido Silva, Haroldo"]
[Black "Montufar Berrios, Eymi Priscila"]
[Result "1-0"]
[WhiteElo "1880"]
[BlackElo "1692"]
[PlyCount "125"]
[EventDate "2016.03.24"]
[EventType "swiss"]
[EventRounds "7"]
[EventCountry "BRA"]
[SourceTitle "CBM 171 Extra"]
[Source "ChessBase"]
[SourceDate "2016.04.26"]
[SourceVersion "1"]
[SourceVersionDate "2016.04.26"]
[SourceQuality "1"]

1. e4 c5 2. Nf3 d6 3. d4 cxd4 4. Nxd4 Nf6 5. Nc3 a6 6. Be2 e5 7. Nb3 Be6 8. Be3 Be7 9. Qd2 0-0 10. 0-0-0 a5 11. Kb1 a4 12. Nc1 Nc6 13. f4 exf4 14. Bxf4 Ne5 15. a3 Rc8 16. Qd4 Qa5 17. N1a2 Bc4 18. Qd2 Bxe2 19. Nd5 Qd8 20. Nxf6+ Bxf6 21. Qxe2 Nc4 22. c3 Re8 23. Nb4 Bg5 24. Qg4 Bxf4 25. Qxf4 Qe7 26. Rhe1 Rc5 27. Nd5 Qd7 28. Rd4 Qb5 29. Nb4 Rce5 30. Red1 Qc5 31. Rd5 Qc7 32. Rxe5 dxe5 33. Qg3 Kh8 34. Qd3 Rc8 35. Qd7 g6 36. Qxa4 Ne3 37. Nd5 Nxd5 38. Rxd5 Rd8 39. Qd1 Rxd5 40. Qxd5 Kg7 41. c4 b6 42. b4 f6 43. Kb2 Qa7 44. Kb3 Kf8 45. a4 Ke7 46. c5 bxc5 47. Qxc5+ Qxc5 48. bxc5 Kd7 49. Kc4 Kc6 50. g4 h5 51. gxh5 gxh5 52. a5 f5 53. exf5 e4 54. f6 e3 55. Kd3 e2 56. Kxe2 Kxc5 57. f7 Kb5 58. f8Q Kxa5 59. Qb8 h4 60. Kd3 h3 61. Kc4 Ka6 62. Kc5 Ka5 63. Qb5# 1-0

[Event "Pocos de Caldas op"]
[Site "Pocos de Caldas"]
[Date "2016.02.28"]
[Round "6"]
[White "Rodrigues, Nei Jorge"]
[Black "Aparecido Silva, Haroldo"]
[Result "1-0"]
[WhiteElo "2028"]
[BlackElo "1880"]
[PlyCount "127"]
[EventDate "2016.02.26"]
[EventType "swiss"]
[EventRounds "6"]
[EventCountry "BRA"]
[SourceTitle "EXT 2017"]
[Source "ChessBase"]
[SourceDate "2016.10.25"]
[SourceVersion "1"]
[SourceVersionDate "2016.10.25"]
[SourceQuality "1"]

1. Nf3 c5 2. g3 b6 3. Bg2 Bb7 4. 0-0 d6 5. b3 Nf6 6. Bb2 e5 7. d3 Be7 8. c4 0-0 9. Nc3 a6 10. e3 Qc7 11. d4 Nfd7 12. d5 f5 13. e4 f4 14. h4 h6 15. Bh3 g6 16. Qd3 fxg3 17. fxg3 Nf6 18. Qd2 Kg7 19. Bc1 Rh8 20. Nh2 Bc8 21. Be6 Ra7 22. g4 Bxe6 23. dxe6 Qc8 24. g5 hxg5 25. hxg5 Nh7 26. Rf7+ Kg8 27. Qd5 Nc6 28. Ng4 Nxg5 29. Bxg5 Bxg5 30. Rxa7 Nxa7 31. Qxd6 Rh4 32. Nf2 Qf8 33. Qxf8+ Kxf8 34. Nd5 Nc6 35. Kg2 Nd4 36. Nxb6 Nxe6 37. Rh1 Rxh1 38. Kxh1 Ke7 39. Kg2 Nd4 40. Nd3 Kd6 41. Na4 Ne6 42. Kf3 Bh6 43. Kg4 Be3 44. Nb6 Ng5 45. Nd5 Bd2 46. Nf2 Ne6 47. Kf3 Nd4+ 48. Kg4 Ne2 49. Nd3 Nd4 50. Nf6 Ne6 51. Nh7 Bh6 52. Ne1 Be3 53. Ng2 Bd2 54. Nh4 Nd4 55. Nf3 Bf4 56. Ne1 Ne2 57. Nd3 Be3 58. Kf3 Nc1 59. Kxe3 Nxa2 60. Kd2 Ke6 61. Nxc5+ Kf7 62. Nd3 Kg7 63. Ng5 Kf6 64. Nf3 1-0

[Event "Pocos de Caldas op"]
[Site "Pocos de Caldas"]
[Date "2016.02.26"]
[Round "2"]
[White "Campos, Igor Ribeiro"]
[Black "Aparecido Silva, Haroldo"]
[Result "1/2-1/2"]
[WhiteElo "2179"]
[BlackElo "1880"]
[PlyCount "115"]
[EventDate "2016.02.26"]
[EventType "swiss"]
[EventRounds "6"]
[EventCountry "BRA"]
[SourceTitle "EXT 2017"]
[Source "ChessBase"]
[SourceDate "2016.10.25"]
[SourceVersion "1"]
[SourceVersionDate "2016.10.25"]
[SourceQuality "1"]

1. e4 c5 2. Nf3 e6 3. d4 cxd4 4. Nxd4 a6 5. Bd3 Qc7 6. Qe2 d6 7. 0-0 Be7 8. c4 Nd7 9. Nc3 Ngf6 10. Be3 0-0 11. f4 Nc5 12. Bc2 Rd8 13. Rac1 b6 14. b4 Ncd7 15. Qf3 Bb7 16. Qh3 Qb8 17. g4 Nf8 18. g5 N6d7 19. Nce2 d5 20. cxd5 exd5 21. e5 Bxb4 22. e6 fxe6 23. Nxe6 Re8 24. N2d4 Qd6 25. Nc7 Rxe3 26. Qxe3 Rc8 27. Nce6 Nxe6 28. Qxe6+ Qxe6 29. Nxe6 Ba3 30. Bxh7+ Kxh7 31. Rxc8 Bxc8 32. Rf3 Bc5+ 33. Kf1 Kg8 34. h4 Ne5 35. fxe5 Bxe6 36. a4 Bd7 37. g6 Bxa4 38. h5 Bb5+ 39. Ke1 Be8 40. e6 a5 41. Kd2 a4 42. Kc2 a3 43. Kb3 d4 44. Kc4 a2 45. Rf1 Bc6 46. Ra1 Kf8 47. Rxa2 Ke7 48. Ra7+ Kxe6 49. Rxg7 Bd5+ 50. Kd3 Ke5 51. Rd7 Be4+ 52. Kc4 Kf5 53. Rf7+ Kg4 54. g7 Bh7 55. Rf8 Kxh5 56. g8Q Bxg8+ 57. Rxg8 Kh4 58. Kd3 1/2-1/2

[Event "Sao Paulo Hebraica op 23rd"]
[Site "Sao Paulo"]
[Date "2016.01.09"]
[Round "3"]
[White "Aparecido Silva, Haroldo"]
[Black "Itagyba, Renan Fortes"]
[Result "1/2-1/2"]
[WhiteElo "1884"]
[BlackElo "1590"]
[PlyCount "101"]
[EventDate "2016.01.08"]
[EventType "swiss"]
[EventRounds "6"]
[EventCountry "BRA"]
[SourceTitle "CBM 170 Extra"]
[Source "ChessBase"]
[SourceDate "2016.02.25"]
[SourceVersion "1"]
[SourceVersionDate "2016.02.25"]
[SourceQuality "1"]

1. e4 c5 2. Nf3 d6 3. d4 cxd4 4. Nxd4 Nf6 5. Nc3 g6 6. Be3 Bg7 7. f3 0-0 8. Bc4 Nc6 9. Qd2 Bd7 10. 0-0-0 a6 11. Bb3 b5 12. Nxc6 Bxc6 13. Bh6 a5 14. Bxg7 Kxg7 15. a4 bxa4 16. Bxa4 Bxa4 17. Nxa4 Qc7 18. Qc3 Rfc8 19. Qxc7 Rxc7 20. Nb6 Rb8 21. Na4 Rb4 22. Nc3 Rbc4 23. Rd3 a4 24. Kd2 Rb7 25. Rb1 Nd7 26. Nd1 Nc5 27. Ra3 Rcb4 28. c3 R4b6 29. Kc2 Ra7 30. Ne3 Rb3 31. Ra2 Rb5 32. Rd1 Nb3 33. Rd5 Rc5 34. Rxc5 Nxc5 35. Ra1 h5 36. Nd5 f6 37. Nb4 Rb7 38. Rd1 Kf7 39. Rd4 Ra7 40. Nd3 Nxd3 41. Rxd3 a3 42. bxa3 Rxa3 43. Kb2 Ra5 44. c4 Ra4 45. Kb3 Ra1 46. Rd2 Rg1 47. Kc3 g5 48. h3 Ke6 49. Kd4 h4 50. Rc2 Rd1+ 51. Ke3 1/2-1/2